MARC details
| 000 -CABECERA |
| campo de control de longitud fija |
01957nam a2200349 a 4500 |
| 003 - IDENTIFICADOR DEL NÚMERO DE CONTROL |
| campo de control |
CHAP |
| 005 - FECHA Y HORA DE LA ÚLTIMA TRANSACCIÓN |
| campo de control |
20230830113046.0 |
| 007 - CAMPO FIJO DE DESCRIPCIÓN FÍSICA--INFORMACIÓN GENERAL |
| campo de control de longitud fija |
ta |
| 008 - DATOS DE LONGITUD FIJA--INFORMACIÓN GENERAL |
| campo de control de longitud fija |
230829s2012 mx d|||frm||| 001 0 spa d |
| 020 ## - NÚMERO INTERNACIONAL ESTÁNDAR DEL LIBRO |
| Número Internacional Estándar del Libro |
978-607-8285-03-7 |
| 040 ## - FUENTE DE LA CATALOGACIÓN |
| Centro catalogador/agencia de origen |
mxchpua |
| Centro/agencia transcriptor |
CHAP |
| Normas de descripción |
rda |
| 050 10 - SIGNATURA TOPOGRÁFICA DE LA BIBLIOTECA DEL CONGRESO |
| Número de clasificación |
JF1525.C59 |
| Número de documento/Ítem |
.L46 2012 |
| 082 00 - NÚMERO DE LA CLASIFICACIÓN DECIMAL DEWEY |
| Número de clasificación |
302.35 |
| Número de documento/Ítem |
L46 2012 |
| Número de edición |
20 |
| 100 10 - ENTRADA PRINCIPAL--NOMBRE DE PERSONA |
| 9 (RLIN) |
187824 |
| Nombre de persona |
León Vázquez, Salvador de |
| Término indicativo de función/relación |
autor |
| 245 10 - MENCIÓN DE TÍTULO |
| Título |
Comunicación pública y transición política : |
| Resto del título |
los rasgos de lo global en el periodismo local. Un estudio situado / |
| Mención de responsabilidad, etc. |
Salvador de León Vázquez |
| 250 ## - MENCIÓN DE EDICIÓN |
| Mención de edición |
1a edición |
| 264 ## - PRODUCCIÓN, PUBLICACIÓN, DISTRIBUCIÓN, FABRICACIÓN Y COPYRIGHT |
| Producción, publicación, distribución, fabricación y copyright |
México : |
| Nombre del de productor, editor, distribuidor, fabricante |
Universidad Autónoma de Aguascalientes, |
| Fecha de producción, publicación, distribución, fabricación o copyright |
2012 |
| 300 ## - DESCRIPCIÓN FÍSICA |
| Extensión |
209 páginas : |
| Otras características físicas |
diagramas, gráficas |
| 336 ## - TIPO DE CONTENIDO |
| Fuente |
rdacontent |
| Término de tipo de contenido |
texto |
| Código de tipo de contenido |
txt |
| 337 ## - TIPO DE MEDIO |
| Fuente |
rdamedia |
| Nombre/término del tipo de medio |
sin medio |
| Código del tipo de medio |
n |
| 338 ## - TIPO DE SOPORTE |
| Fuente |
rdacarrier |
| Nombre/término del tipo de soporte |
volumen |
| Código del tipo de soporte |
nc |
| 500 ## - NOTA GENERAL |
| Nota general |
El documento es una tesis doctoral. |
| 504 ## - NOTA DE BIBLIOGRAFÍA, ETC. |
| Nota de bibliografía, etc. |
Bibliografía: páginas 177-192 |
| 520 2# - SUMARIO, ETC. |
| Sumario, etc. |
En la actualidad, las dinámicas mediante las cuales interactúan los actores de lo público conforman una compleja red de relaciones y prácticas que definen la configuración de un espacio de participación y visibilidad: la comunicación pública. En este libro se analiza cómo el proceso de transición política que actualmente vivimos en México conjugado con la incorporación a una economía global de mercado y a la presencia de una sociedad civil cada vez más fortalecida han ocasionado que, desde mediados de la década de 1990, la configuración de la comunicación pública sufra transformaciones relevantes, entre ellas, la incorporación de rasgos de lo global que se hibridan con las prácticas locales. |
| 650 14 - PUNTO DE ACCESO ADICIONAL DE MATERIA--TÉRMINO DE MATERIA |
| 9 (RLIN) |
26215 |
| Término de materia o nombre geográfico como elemento de entrada |
Comunicación en la administración |
| 650 17 - PUNTO DE ACCESO ADICIONAL DE MATERIA--TÉRMINO DE MATERIA |
| 9 (RLIN) |
95824 |
| Término de materia o nombre geográfico como elemento de entrada |
Relaciones públicas |
| 650 17 - PUNTO DE ACCESO ADICIONAL DE MATERIA--TÉRMINO DE MATERIA |
| 9 (RLIN) |
87175 |
| Término de materia o nombre geográfico como elemento de entrada |
Periodismo |
| Subdivisión geográfica |
México |
| 650 10 - PUNTO DE ACCESO ADICIONAL DE MATERIA--TÉRMINO DE MATERIA |
| 9 (RLIN) |
187833 |
| Término de materia o nombre geográfico como elemento de entrada |
Communication in management |
| 650 10 - PUNTO DE ACCESO ADICIONAL DE MATERIA--TÉRMINO DE MATERIA |
| 9 (RLIN) |
187835 |
| Término de materia o nombre geográfico como elemento de entrada |
Public relations |
| 650 10 - PUNTO DE ACCESO ADICIONAL DE MATERIA--TÉRMINO DE MATERIA |
| 9 (RLIN) |
187807 |
| Término de materia o nombre geográfico como elemento de entrada |
Journalism |
| Subdivisión geográfica |
Mexico |
| 942 ## - ELEMENTOS DE PUNTO DE ACCESO ADICIONAL (KOHA) |
| Fuente del sistema de clasificación o colocación |
Dewey Decimal Classification |
| Tipo de ítem Koha |
|